A Guide to the Project Management Body of Knowledge / (Record no. 615962)

000 -LEADER
fixed length control field 00524nam a22001817a 4500
003 - CONTROL NUMBER IDENTIFIER
control field NUST
005 - DATE AND TIME OF LATEST TRANSACTION
control field 20260127144242.0
008 - FIXED-LENGTH DATA ELEMENTS--GENERAL INFORMATION
fixed length control field 260127b ||||| |||| 00| 0 eng d
020 ## - INTERNATIONAL STANDARD BOOK NUMBER
International Standard Book Number 978-1930699458
082 ## - DEWEY DECIMAL CLASSIFICATION NUMBER
Classification number 658.404
100 ## - MAIN ENTRY--PERSONAL NAME
Personal name Project Management Institute
9 (RLIN) 13254
245 ## - TITLE STATEMENT
Title A Guide to the Project Management Body of Knowledge /
Statement of responsibility, etc. Project Management Institute.
250 ## - EDITION STATEMENT
Edition statement 3rd Edition
260 ## - PUBLICATION, DISTRIBUTION, ETC.
Name of publisher, distributor, etc. Project Management Inst,
Date of publication, distribution, etc. 2004.
300 ## - PHYSICAL DESCRIPTION
Extent 388 p ;
Dimensions 29.6 cm
563 ## - BINDING INFORMATION
Binding note Paperback
942 ## - ADDED ENTRY ELEMENTS (KOHA)
Source of classification or shelving scheme
Koha item type Book
Holdings
Withdrawn status Lost status Source of classification or shelving scheme Damaged status Not for loan Permanent Location Current Location Date acquired Total Checkouts Full call number Barcode Date last seen Price effective from Koha item type
          Institute of Geographical Information Systems (IGIS) Institute of Geographical Information Systems (IGIS) 01/27/2026   658.404 IGIS-593 01/27/2026 01/27/2026 Book
          Institute of Geographical Information Systems (IGIS) Institute of Geographical Information Systems (IGIS) 01/27/2026   658.404 IGIS-594 01/27/2026 01/27/2026 Book
          Institute of Geographical Information Systems (IGIS) Institute of Geographical Information Systems (IGIS) 01/27/2026   658.404 IGIS-647 01/27/2026 01/27/2026 Book
          Institute of Geographical Information Systems (IGIS) Institute of Geographical Information Systems (IGIS) 03/11/2026   658.404 IGIS-843 03/11/2026 03/11/2026 Book
© 2023 Central Library, National University of Sciences and Technology. All Rights Reserved.